The problem of stabilization of prices of primary products.
Guardado en:
| Formato: | Sách giấy |
|---|---|
| Lenguaje: | English |
| Publicado: |
Washington, D.C. :
International bank for Reconstruction and Development,
1969.
|
| Etiquetas: |
Agregar Etiqueta
Sin Etiquetas, Sea el primero en etiquetar este registro!
|
| Thư viện lưu trữ: | Thư viện Trường Đại học Đà Lạt |
|---|
| LEADER | 00629nam a2200253 4500 | ||
|---|---|---|---|
| 001 | DLU100000121 | ||
| 005 | ##20100406 | ||
| 040 | # | # | |a DLU |b vie |
| 041 | # | # | |a eng |
| 044 | # | # | |a us |
| 082 | # | # | |a 338.52 |b Pro |
| 245 | # | # | |a The problem of stabilization of prices of primary products. |
| 260 | # | # | |a Washington, D.C. : |b International bank for Reconstruction and Development, |c 1969. |
| 300 | # | # | |a 171 p. ; |c 28 cm. |
| 923 | # | # | |a 100/2010 |
| 992 | # | # | |a 0 |
| 994 | # | # | |a DLU |
| 900 | # | # | |a True |
| 911 | # | # | |a Đào Thị Thu Huyền |
| 925 | # | # | |a G |
| 926 | # | # | |a A |
| 927 | # | # | |a SH |
| 980 | # | # | |a Thư viện Trường Đại học Đà Lạt |